Missing Word: Movies of the Elements Quiz Stats

 Plays Quiz Updated Feb 18, 2015

Challenge
Share
Tweet
Embed
Score 0/20 Timer 03:00
5 Plays Today
Category Word % Correct
EARTHStood
98.8%
AIRForce
94.9%
FIREBalls
90.4%
FIREElmo's
87.5%
EARTHGreatest
86.7%
EARTHMan
83.7%
AIRLast
81%
AIRBreathe
79.9%
WATERDrink
70.4%
EARTHEasy
65.8%
Category Word % Correct
WATERHigh
65.8%
FIREVanities
65.2%
EARTHFell
64.2%
AIRUp
62.8%
FIRELine
56.2%
WATERThicker
47.9%
WATERAdd
27.3%
AIRNext
17.8%
WATERMoon
16%
FIREGrave
12.6%

Today's Daily Dose

You're not logged in!

Compare scores with friends on all Sporcle quizzes.
Join for Free
OR
Log In

You Might Also Like...

Show Comments

Extras

Top Quizzes Today


Score Distribution

Your Account Isn't Verified!

In order to create a playlist on Sporcle, you need to verify the email address you used during registration. Go to your Sporcle Settings to finish the process.

Report this User

Report this user for behavior that violates our Community Guidelines.

Details: